[Event "St Chely d'Aubrac op 10th"]
[Site "St Chely d'Aubrac"]
[Date "2010.07.16"]
[Round "8"]
[White "Lavanchy, Marc Henri"]
[Black "Moingt, Jean Claude"]
[Result "0-1"]
[WhiteElo "1912"]
[BlackElo "2290"]
[PlyCount "70"]
[EventDate "2010.07.10"]
[EventType "swiss"]
[EventRounds "9"]
[EventCountry "FRA"]
[SourceTitle "CBM 137 Extra"]
[Source "ChessBase"]
[SourceDate "2010.09.01"]
[SourceVersion "1"]
[SourceVersionDate "2010.09.01"]
[SourceQuality "1"]

1. c4 Nf6 2. Nf3 g6 3. g3 Bg7 4. Bg2 d6 5. d4 c6 6. Nc3 0-0 7. 0-0 Bf5 8. Re1 Ne4 9. Nd2 Nxc3 10. bxc3 Na6 11. e4 Bd7 12. Qc2 Qc7 13. Nb3 Rac8 14. Rb1 c5 15. d5 Nb8 16. Bd2 Ba4 17. f4 Nd7 18. Bh3 b5 19. Qd3 Rb8 20. Bxd7 Qxd7 21. cxb5 c4 22. Qxc4 Bxb5 23. Qb4 Bd3 24. Qa3 Bxb1 25. Rxb1 Rfc8 26. Rc1 Rc4 27. e5 dxe5 28. fxe5 Bxe5 29. Qa6 Ra4 30. Nc5 Rxa6 31. Nxd7 Rb2 32. Bg5 Bd6 33. c4 Rb7 34. c5 Rxd7 35. cxd6 Raxd6 0-1

[Event "St Chely d'Aubrac op 10th"]
[Site "St Chely d'Aubrac"]
[Date "2010.07.13"]
[Round "5"]
[White "Moingt, Jean Claude"]
[Black "Carno, Matthias"]
[Result "1-0"]
[WhiteElo "2290"]
[BlackElo "1925"]
[PlyCount "49"]
[EventDate "2010.07.10"]
[EventType "swiss"]
[EventRounds "9"]
[EventCountry "FRA"]
[SourceTitle "CBM 137 Extra"]
[Source "ChessBase"]
[SourceDate "2010.09.01"]
[SourceVersion "1"]
[SourceVersionDate "2010.09.01"]
[SourceQuality "1"]

1. e4 b6 2. Nf3 Bb7 3. d3 c5 4. g3 Nc6 5. Bg2 e6 6. 0-0 Nf6 7. Re1 d5 8. Nbd2 Qc7 9. a3 0-0-0 10. Qe2 dxe4 11. dxe4 Be7 12. c3 Ng4 13. e5 h5 14. h3 Nh6 15. b4 g5 16. Nc4 g4 17. Ng5 gxh3 18. Bxh3 Ng4 19. Nxf7 Rhf8 20. Nfd6+ Bxd6 21. Nxd6+ Rxd6 22. exd6 Qf7 23. Qxe6+ Qxe6 24. Rxe6 Kd7 25. Re2 1-0

[Event "St Chely d'Aubrac op 10th"]
[Site "St Chely d'Aubrac"]
[Date "2010.07.12"]
[Round "3"]
[White "Moingt, Jean Claude"]
[Black "Degraeve, Jean Marc"]
[Result "0-1"]
[WhiteElo "2290"]
[BlackElo "2569"]
[PlyCount "98"]
[EventDate "2010.07.10"]
[EventType "swiss"]
[EventRounds "9"]
[EventCountry "FRA"]
[SourceTitle "CBM 137 Extra"]
[Source "ChessBase"]
[SourceDate "2010.09.01"]
[SourceVersion "1"]
[SourceVersionDate "2010.09.01"]
[SourceQuality "1"]

1. e4 Nf6 2. e5 Nd5 3. d4 d6 4. c4 Nb6 5. exd6 exd6 6. Bd3 Be7 7. Ne2 0-0 8. 0-0 Nc6 9. Nbc3 Re8 10. b3 Bg5 11. d5 Nb4 12. a3 Nxd3 13. Qxd3 Nd7 14. Bxg5 Qxg5 15. f4 Nc5 16. Qf3 Qg6 17. b4 Bg4 18. f5 Qh5 19. Qg3 Bxe2 20. Nxe2 Rxe2 21. bxc5 dxc5 22. Qxc7 Qg4 23. Qg3 Qxg3 24. hxg3 Rae8 25. Rad1 Rc2 26. Rfe1 Kf8 27. Rxe8+ Kxe8 28. Re1+ Kd7 29. Re4 Rc3 30. Rg4 Ke7 31. Rxg7 Rxc4 32. Rg8 Rd4 33. Rb8 Rxd5 34. Rxb7+ Rd7 35. Rb5 Rc7 36. Kf2 Kf6 37. g4 Kg5 38. Kg3 c4 39. Rb2 c3 40. Rc2 Rc4 41. Kf3 h6 42. g3 Rc7 43. a4 a5 44. Ke4 Kxg4 45. Ke5 Kxg3 46. Kd6 Rc4 47. Ke7 Kf4 48. f6 Ke3 49. Kxf7 Kd3 0-1

[Event "FRA-chT2 West 0809"]
[Site "France"]
[Date "2008.11.23"]
[Round "3.4"]
[White "Le Borgne, Pierre"]
[Black "Moingt, Jean Claude"]
[Result "1/2-1/2"]
[WhiteElo "2196"]
[BlackElo "2285"]
[PlyCount "60"]
[EventDate "2008.10.19"]
[EventType "team-tourn"]
[EventRounds "11"]
[EventCountry "FRA"]
[SourceTitle "EXT 2010"]
[Source "ChessBase"]
[SourceDate "2010.11.25"]
[SourceVersion "1"]
[SourceVersionDate "2010.11.25"]
[SourceQuality "1"]
[WhiteTeam "Lisieux"]
[BlackTeam "Echiquier Bordelais"]
[WhiteTeamCountry "FRA"]
[BlackTeamCountry "FRA"]

1. e4 c5 2. Nf3 d6 3. d4 cxd4 4. Qxd4 Nc6 5. Bb5 Bd7 6. Bxc6 Bxc6 7. Nc3 Nf6 8. Bg5 e6 9. 0-0-0 Be7 10. Qd3 Qa5 11. h4 Rd8 12. Nd4 h6 13. Bd2 Qc7 14. f4 0-0 15. h5 d5 16. e5 Ne4 17. Nxe4 dxe4 18. Qc3 Rd5 19. Nxc6 bxc6 20. Be3 f5 21. exf6 Bxf6 22. Qc4 Rb8 23. c3 Qb7 24. b3 Qe7 25. Kb2 Qd7 26. Rxd5 exd5 27. Rd1 Qg4 28. Qf1 a5 29. Rd2 Qxh5 30. Qa6 Qe8 1/2-1/2